The groundings with my brothers / (Record no. 124605)
[ view plain ]
| 000 -LEADER | |
|---|---|
| fixed length control field | 00912cam a2200301 a 4500 |
| 001 - CONTROL NUMBER | |
| control field | 1028612 |
| 003 - CONTROL NUMBER IDENTIFIER | |
| control field | ARRUPE |
| 005 - DATE AND TIME OF LATEST TRANSACTION | |
| control field | 20160413123243.0 |
| 008 - FIXED-LENGTH DATA ELEMENTS--GENERAL INFORMATION | |
| fixed length control field | 910905s1990 enkb 000 0 eng |
| 010 ## - LIBRARY OF CONGRESS CONTROL NUMBER | |
| LC control number | 89063801 |
| 020 ## - INTERNATIONAL STANDARD BOOK NUMBER | |
| International Standard Book Number | 0904521567 |
| 020 ## - INTERNATIONAL STANDARD BOOK NUMBER | |
| International Standard Book Number | 0948390026 |
| 035 ## - SYSTEM CONTROL NUMBER | |
| System control number | (OCoLC)56158554 |
| 035 ## - SYSTEM CONTROL NUMBER | |
| System control number | (OCoLC)ocm56158554 |
| 035 ## - SYSTEM CONTROL NUMBER | |
| System control number | (CStRLIN)NYCG91-B78668 |
| 035 ## - SYSTEM CONTROL NUMBER | |
| System control number | (NNC)1028612 |
| 040 ## - CATALOGING SOURCE | |
| Original cataloging agency | DLC |
| Transcribing agency | DLC |
| Modifying agency | DLC |
| -- | NNC |
| 043 ## - GEOGRAPHIC AREA CODE | |
| Geographic area code | nwjm--- |
| 090 ## - LOCALLY ASSIGNED LC-TYPE CALL NUMBER (OCLC); LOCAL CALL NUMBER (OCLC) | |
| Classification number (OCLC) (R) ; Classification number, CALL (RLIN) (NR) | F1896.N4 |
| Local cutter number (OCLC) ; Book number/undivided call number, CALL (RLIN) | R6 1990g |
| 300 ## - PHYSICAL DESCRIPTION | |
| Dimensions | 22 cm. |
| 100 1# - MAIN ENTRY--PERSONAL NAME | |
| Personal name | Rodney, Walter. |
| 9 (RLIN) | 22523 |
| 245 14 - TITLE STATEMENT | |
| Title | The groundings with my brothers / |
| Statement of responsibility, etc | by Walter Rodney ; with an introduction by Richard Small and a new introduction by Omawale. |
| 260 ## - PUBLICATION, DISTRIBUTION, ETC. (IMPRINT) | |
| Place of publication, distribution, etc | Ealing : |
| Name of publisher, distributor, etc | Bogle-L'Ouverture Publication, |
| Date of publication, distribution, etc | 1969. |
| 300 ## - PHYSICAL DESCRIPTION | |
| Extent | viii, 68 p. : |
| 650 #0 - SUBJECT ADDED ENTRY--TOPICAL TERM | |
| Topical term or geographic name as entry element | Black power |
| Geographic subdivision | Jamaica. |
| 9 (RLIN) | 23762 |
| 650 #0 - SUBJECT ADDED ENTRY--TOPICAL TERM | |
| Topical term or geographic name as entry element | Blacks |
| Geographic subdivision | Jamaica. |
| 9 (RLIN) | 23763 |
| 942 ## - ADDED ENTRY ELEMENTS (KOHA) | |
| Source of classification or shelving scheme | Library of Congress Classification |
| Koha item type | Monograph ( Printed materials) |
| Withdrawn status | Lost status | Source of classification or shelving scheme | Damaged status | Not for loan | Collection code | Home library | Current library | Shelving location | Date acquired | Total Checkouts | Full call number | Barcode | Date last seen | Price effective from | Koha item type |
|---|---|---|---|---|---|---|---|---|---|---|---|---|---|---|---|
| Library of Congress Classification | Main Collection | ARRUPE LIBRARY | ARRUPE LIBRARY | Main Collection | 13/04/2016 | F1896.N4 R6 1969 | 46500006937 | 04/04/2018 | 13/04/2016 | Monograph ( Printed materials) |